Who Wrote That? #3 - Statistics

General Stats
  • This quiz has been taken 88 times
  • The average score is 6 of 10
Answer Stats
Hint Explanation Answer % Correct
“Call me Ishmael.” Moby-Dick Herman Melville
96%
“All the world’s a stage,
And all the men and women merely players:
They have their exits and their entrances;
And one man in his time plays many parts”
As You Like It William Shakespeare
88%
“Tyger Tyger, burning bright,
In the forests of the night;
What immortal hand or eye,
Could frame thy fearful symmetry?”
“The Tyger” William Blake
69%
“Do not go gentle into that good night,
Old age should burn and rave at close of day;
Rage, rage, against the dying of the light.”
“Do not Go Gentle into That Good Night” Dylan Thomas
63%
“There is no greater agony than bearing an untold story inside you.” I Know Why the Caged Bird Sings Maya Angelou
62%
“They f*** you up, your mum and dad.
They may not mean to, but they do.
They fill you with the faults they had
And add some extra, just for you.”
“This Be the Verse” Philip Larkin
57%
“And so we beat on, boats against the current, borne back ceaselessly into the past.” The Great Gatsby F. Scott Fitzgerald
51%
“I wanted you to see what real courage is, instead of getting the idea that courage is a man with a gun in his hand. It’s when you know you’re licked before you begin, but you begin anyway and see it through no matter what.” To Kill a Mockingbird Harper Lee
51%
“I celebrate myself, and sing myself,
And what I assume you shall assume,
For every atom belonging to me as good belongs to you.”
“Song of Myself” Walt Whitman
49%
Nolite te bastardes carborundorum.” The Handmaid’s Tale Margaret Atwood
43%
No matching quizzes found
Score Distribution
Percent of People with Each Score
Percentile by Number Answered
Your Score History
You have not taken this quiz